| 000 | 01112nam a2200253 u 4500 | ||
|---|---|---|---|
| 001 | 000020250 | ||
| 003 | DO-SdBNP | ||
| 005 | 20180313085520.0 | ||
| 007 | 000020250 | ||
| 008 | 100802s20uu dr 000 0 spa d | ||
| 020 | _a9789945123159 | ||
| 040 |
_aBPMSU _bspa _cBPMSU |
||
| 092 |
_a372.5 _b xcx |
||
| 100 | 1 | _a | |
| 245 | 1 | 0 |
_aEducación artística 1 : _beducación media / _c |
| 250 | _a | ||
| 260 |
_aSanto Domingo : _bMinisterio Educación _c[200?] |
||
| 300 |
_a167 p. : _bil. ; _c 28 cm. |
||
| 505 |
_t¡Viva el arte! -- _tMil maneras de observar y conocer el arte, La apreciación artística -- _tVida para la imagen, alegría para el mundo, los colores del arte -- _tLos materiales cobran vida y con buena técnica, aparece el arte _tUn acercamiento al mundo real, cuando la observación directa y la perspectiva se encuentran para hacer el arte _tArte para un nuevo siglo, el cómic y la ilustración por computador |
||
| 650 | 4 |
_aARTE _xENSEÑANZA _zREPÚBLICA DOMINICANA |
|
| 942 |
_2ddc _cBK |
||
| 945 | _aRemanejado para la BNPHU, 2018 / BT | ||
| 956 |
_aVMATEO _b10 _c20160513 _lBPMSU _h0069 |
||
| 999 |
_c10144 _d10144 |
||